LEADER 00947nam a2200229 i 4500 001 000000202037 003 CaOOAMICUS 005 20141003000000.0 008 141003s1961 it u000 u ita u 013 $a180743 040 $aSeMil$bita 245 12$aI Concili nella vita della Chiesa. 260 $aMilano :$bVita e Pensiero,$c1961. 300 $a125 p. ;$c23 cm. 500 $aRelazioni al 32. corso di aggiornamento promosso dall'Universita cattolica del Sacro Cuore, gia pubbl. in "Vita e pensiero", dic. 1960. - Fondo card. Giovanni Colombo. 650 4$aConcili - Storia.$0(OLS)http://semarc/subject/274 850 $aSeMil 852 $aSeMil$W1$xVenegono$y1$m3GC IV 104$j152563$B152563$CSeMilBibl$Z2$F163636 $8B 941 1 $a3 961 $aLascito: Colombo Card. Giovanni 996 $6245$aI Concili nella vita della Chiesa$9(OLS)http://semarc/title/60489 996 $6260$aMilano :$bVita e Pensiero$9(OLS)http://semarc/publisher/29642 LEADER 00902nam a2200229 i 4500 001 000000208685 003 CaOOAMICUS 005 20111125000000.0 008 111125s1985 it u000 u ita u 013 $a187473 040 $aSeMil$bita 100 1 $aPullara, Giovanni.$0(OLS)http://semarc/name/74849 245 13$aIl secoletto vil che cristianeggia /$cGiovanni Pullara. 260 $aPalermo :$bRomano,$cstampa 1985. 300 $a79 p. ;$c22 cm. 490 0 $aLibri Thule/Saggistica ;$v1 650 4$aCristiani - Identità.$0(OLS)http://semarc/subject/12240 830 0$aLibri Thule/Saggistica ;$v1.$0(OLS)http://semarc/title/34858 850 $aSeMil 852 $aSeMil$W1$xVenegono$y1$m3U V 298$j159139$B159139$CSeMilBibl$Z2$F170209 $81 996 $6245$aIl secoletto vil che cristianeggia$9(OLS)http://semarc/title/301754 996 $6260$aPalermo :$bRomano$9(OLS)http://semarc/publisher/36644